00654nam a2200181 a 4500008004100000020001500041050001600056100002300072245004400095250001200139260002600151300002100177350000900198650001300207995010300220999001700323952013200340080918s1995 ||||||||||||||||| || u a0582234220 aTH 7703 Pri aPritchard, David C10aLighting. -- 5th edcDavid C. Pritchard a5th ed. aHarlowbLongmanc1995 avi, 217p. : ill. a0.00 aLIGHTING D0.00FCBU-MAIN LIBRARY (Kitwe)H1I0.00M1UOUTWSep 18, 2008ZMain Library Open Access Collection c49276d49276 00102lcc4070a001b001cMain Library Open Access Collectiond2022-11-30l0oTH 7703 Prip738617r2022-11-30w2022-11-30y002